Empire, religion, and identity : (Record no. 1309164)

MARC details
000 -LEADER
fixed length control field 00546nam a22001937a 4500
005 - DATE AND TIME OF LATEST TRANSACTION
control field 20250529145747.0
008 - FIXED-LENGTH DATA ELEMENTS--GENERAL INFORMATION
fixed length control field 250418b |||||||| |||| 00| 0 eng d
020 ## - INTERNATIONAL STANDARD BOOK NUMBER
International Standard Book Number 9789360809690
040 ## - CATALOGING SOURCE
Original cataloging agency SDCL
Transcribing agency SDCL
041 ## - LANGUAGE CODE
Source of code eng
Language code of text/sound track or separate title eng
084 ## - COLON CLASSIFICATION NUMBER
Classification number V43'P R5
245 ## - TITLE STATEMENT
Title Empire, religion, and identity :
Remainder of title Modern South Asia and the global circulation of ideas
260 ## - PUBLICATION, DISTRIBUTION, ETC.
Place of publication, distribution, etc. New Delhi :
Name of publisher, distributor, etc. Manohar,
Date of publication, distribution, etc. 2025.
300 ## - PHYSICAL DESCRIPTION
Extent x, 267p.
650 ## - SUBJECT ADDED ENTRY--TOPICAL TERM
Source of heading or term Religion
650 ## - SUBJECT ADDED ENTRY--TOPICAL TERM
Source of heading or term History
700 ## - ADDED ENTRY--PERSONAL NAME
Personal name Mukherjee, Soumen
Relator term Ed.
9 (RLIN) 811054
942 ## - ADDED ENTRY ELEMENTS (KOHA)
Source of classification or shelving scheme Colon Classification (CC)
Koha item type Textual
Suppress in OPAC No
Holdings
Withdrawn status Lost status Source of classification or shelving scheme Damaged status Not for loan Home library Current library Date acquired Source of acquisition Inventory number Total Checkouts Full call number Barcode Date last seen Price effective from Koha item type
    Colon Classification (CC)     South Campus Library South Campus Library 2025-04-18 Classic Book Service 171, 11/12/2024, INR 1995.00   V43'P R5 SC1690752 2025-04-18 2025-04-18 Textual
Copyright @ Delhi University Library System